000 00658nam a2200217 i 4500
001 112816
003 ES-MaACL
005 20250728103614.0
007 t|
008 061121s1901 fr r ||||1| fre d
100 1 _aNietzsche, Friedrich,
_d1844-1900
_985718
245 1 3 _aLe gai savoir = ( `La gaya scienza`) /
_cFriedrich Nietzsche ; traduit Henri Albert.
250 _a4ª. ed.
260 _aParis :
_bMercure de France,
_c1901.
300 _a414 p. ;
_c19 cm.
650 7 _aÉtica
_2embne
_912577
650 4 _aReligión-
_xFilosofía
_916799
700 1 _aAlbert, Henri.
_919310
852 _aES-MaACL
_jF-8851
999 _c112816
_d112816